000 00502nam a2200181Ia 4500
008 090123s9999 xx 000 0 und d
082 _b24122
_a891.463/बोधे
100 _aबोधे व.बा.
245 _aचिंगळी
250 _a1
260 _bकृष्णा प्रकाशन
_c1994
300 _a147
600 _aबोधे व.बा.
630 _aचिंगळी
700 _aबोधे व.बा.
730 _aचिंगळी
942 _cBOOK
999 _c62193
_d62193